000 00777nas a2200253 4500
001 BR7904197
003 BR-BrBNA
005 20231205083819.0
007 ta
008 230509b bl.|||p| |||| 00| 00por d
040 _aBR-BrBNA
_bpor
_cBiblioteca Nacional de Agricultura
041 _a(Pt)
072 _aF30
100 1 _aOsuna, J.A.
100 1 _aAraujo, S.M.C. de
100 1 _aCagnin, E.
100 1 _aCastellane, P.D.
245 1 _aAvaliacao agronomica de cultivares de Sorghum bicolor (L.)Moench em solo acido [Sorgo granifero]
650 _aSORGO GRANIFERO
650 _aCOMPORTAMENTO DE VARIEDADE
773 0 _tCientifica (Brazil)
_xISSN 0100-0039
_g(1979), v. 7(1) p. 97-100
_wBR7904197
909 _a202311
_bLúcia
_c55
_dLúcia Elande
942 _2AGRIS
_n0
_cANA
999 _c101357
_d101357